00835nam a2200265Ia 4500008004100000020001800041050001100059050001400070100002700084245003700111245006200148260001800210260001400228260000900242300001500251300002200266300001000288650002100298650002300319650002700342700006000369700001100429999001900440952011000459171025s9999 xx 000 0 und d a9780806627922 a745.59 bOn58 1995 aO'Neil, Debbie Trafton a101 things to do for Christmas / cby Debbie Trafton O'Neal ; illustrated by Louise Comfort. aMinneapolis : bAugsburg, c1995 a63 pages : bchiefly colored ; c27cm. aChristmas cards. aChristmas cookery. aChristmas decorations. aTitle : One hundred and one things to do for Christmas. aTitle. c344917d344917 001040aSSISMbSSISMd2017-10-25l0oNF 745.59 On58 1995pSSISM3970r2017-10-25 00:00:00w2017-10-25yBK